Economía y desarrollo en Colombia / (Registro nro. 7268)
[ vista simple ]
| 000 -LEADER | |
|---|---|
| fixed length control field | 02707nam a22003617a 4500 |
| 003 - CONTROL NUMBER IDENTIFIER | |
| control field | OSt |
| 005 - DATE AND TIME OF LATEST TRANSACTION | |
| control field | 20210222095530.0 |
| 008 - FIXED-LENGTH DATA ELEMENTS--GENERAL INFORMATION | |
| fixed length control field | 040307s2002 ck ad gr 0000 0 spa d |
| 020 ## - INTERNATIONAL STANDARD BOOK NUMBER | |
| International Standard Book Number | 9586835537 |
| 040 ## - CATALOGING SOURCE | |
| Original cataloging agency | CO-JMCR |
| Transcribing agency | CO-JMCR |
| 041 0# - LANGUAGE CODE | |
| Language code of text/sound track or separate title | spa |
| 082 04 - DEWEY DECIMAL CLASSIFICATION NUMBER | |
| Classification number | 330.9861 / |
| Item number | T172e |
| Edition number | 23 |
| 100 1# - MAIN ENTRY--PERSONAL NAME | |
| Personal name | Tapia Henríquez, Alcira Patricia, |
| Relator term | autora |
| 9 (RLIN) | 13735 |
| 245 10 - TITLE STATEMENT | |
| Title | Economía y desarrollo en Colombia / |
| Statement of responsibility, etc. | Alcira Patricia Tapia Henríquez, Diego Alberto Goenaga Castro, Soraya Mesa Neira [y 10 más] ; editor, Alejandro Vivas Benítez |
| 260 ## - PUBLICATION, DISTRIBUTION, ETC. | |
| Place of publication, distribution, etc. | Bogotá : |
| Name of publisher, distributor, etc. | Pontificia Universidad Javeriana : Instituto de Políticas de Desarrollo, |
| Date of publication, distribution, etc. | 2002 impresión |
| 300 ## - PHYSICAL DESCRIPTION | |
| Extent | 514 páginas : |
| Other physical details | ilustraciones y gráficas a blanco y negro ; |
| Dimensions | 22 cm. |
| 490 0# - SERIES STATEMENT | |
| Series statement | Soluciones en desarrollo ; |
| Volume/sequential designation | 11 |
| 500 ## - GENERAL NOTE | |
| General note | Incluye glosario y notas a pie de página. |
| 504 ## - BIBLIOGRAPHY, ETC. NOTE | |
| Bibliography, etc. note | Bibliografía al final de cada capítulo. |
| 505 0# - FORMATTED CONTENTS NOTE | |
| Formatted contents note | La política fiscal y la macroeconomía, en el marco de un modelo macroeconométrico para Colombia -- Zonas francas, plan vallejo y la economía colombiana -- La demanda local comno determinante de la localización de la industria en Colombia: entre la historia y los modelos empíricos -- La crisis del sector bancario en Colombia modelo de desempeño financiero y previsión de quiebra -- La influencia de la crisis del sector financiero en el desempeño económico colombiano en la década de los noventa -- Un análisis alternativo de la relación entre equidad distributiva, crecimiento económico y otras variables macroeconómicas en Colombia -- El ingreso y el crecimiento en la calidad de vida de Colombia 1985-1998 -- Un esquema de seguro de desempleo óptimo para el caso colombiano |
| 520 3# - SUMMARY, ETC. | |
| Summary, etc. | La investigación, la docencia y el servicio a la comunidad son la esencia del quehacer universitario. Dicha investigación adquirirá relevancia más directa e inmediata en cuanto esté dirigida a la comunidad concreta en la cual está inserta en nuestro caso colombiano y América Latina. Es decir, en cuanto proponga respuestas a las principales preocupaciones de la sociedad, como recesión, desarrollo sectorial, crisis de sectores claves, crecimiento, pobreza y desigualdad. |
| 650 14 - SUBJECT ADDED ENTRY--TOPICAL TERM | |
| Topical term or geographic name entry element | Economía colombiana |
| 9 (RLIN) | 13736 |
| 650 24 - SUBJECT ADDED ENTRY--TOPICAL TERM | |
| Topical term or geographic name entry element | Política fiscal |
| Geographic subdivision | Colombia |
| 9 (RLIN) | 6903 |
| 650 24 - SUBJECT ADDED ENTRY--TOPICAL TERM | |
| Topical term or geographic name entry element | Macroeconomía |
| 9 (RLIN) | 13737 |
| 650 24 - SUBJECT ADDED ENTRY--TOPICAL TERM | |
| Topical term or geographic name entry element | Plan vallejo |
| 9 (RLIN) | 13738 |
| 650 24 - SUBJECT ADDED ENTRY--TOPICAL TERM | |
| Topical term or geographic name entry element | Zonas francas |
| 9 (RLIN) | 13739 |
| 650 24 - SUBJECT ADDED ENTRY--TOPICAL TERM | |
| Topical term or geographic name entry element | Seguro de desempleo |
| Geographic subdivision | Colombia |
| 9 (RLIN) | 13740 |
| 651 #4 - SUBJECT ADDED ENTRY--GEOGRAPHIC NAME | |
| Geographic name | Colombia |
| General subdivision | Política económica |
| 9 (RLIN) | 6872 |
| 700 1# - ADDED ENTRY--PERSONAL NAME | |
| Personal name | Geonaga Castro, Diego Alberto, |
| Relator term | autor |
| 9 (RLIN) | 13741 |
| 700 1# - ADDED ENTRY--PERSONAL NAME | |
| Personal name | Mesa Neira, Soraya, |
| Relator term | autora |
| 9 (RLIN) | 13742 |
| 700 1# - ADDED ENTRY--PERSONAL NAME | |
| Personal name | Vivas Benítez, Alejandro |
| Relator term | editor |
| 9 (RLIN) | 13743 |
| 942 ## - ADDED ENTRY ELEMENTS (KOHA) | |
| Source of classification or shelving scheme | Dewey Decimal Classification |
| Koha item type | Books |
| Withdrawn status | Lost status | Source of classification or shelving scheme | Damaged status | Not for loan | Collection code | Home library | Current library | Date acquired | Source of acquisition | Total Checkouts | Full call number | Barcode | Date last seen | Copy number | Price effective from | Koha item type |
|---|---|---|---|---|---|---|---|---|---|---|---|---|---|---|---|---|
| Dewey Decimal Classification | Non-fiction | Biblioteca Pública José María del Castillo y Rada | Biblioteca Pública José María del Castillo y Rada | 10/02/2020 | Donación | 330.9861 / T172e | 201810317 | 05/16/2024 | Ej.1 | 02/22/2021 | Books |